01532nam a2200385 a 450000100060000000300100000600500170001600800410003301500220007402000150009603500170011104000250012804100080015304400110016108000250017210000280019724000420022524503420026726000350060930000330064449000240067750000370070150000440073850400330078265000340081565500240084970000240087370000340089770000280093173000310095983000240099094200170101499900170103195200980104822955SK-KTurca20260513074849.0251113s2000 xo ae r y 0 slo  aSNBA2001/08-02777 a8088963362 aSNK000364838 aSNKbslocSNKeAACR20 aslo axocSK a635.92(084.12)219811 aStrauss, Friedrich4fot10aBalkonblumen- FarbenprachtlSlovensky1 aFarebná nádhera na balkónebnámety na pôsobivé rastlinné a kvetinové zostavy : základy teórie farieb : najkrajšie rastliny podľa jednotlivých farieb s údajmi o čase kvitnutiacFriedrich Strauss ; kresby Marlene Gemkeová ; [z nemeckého originálu preložili Mária Jakubičková a Jana Katriaková] a[Bratislava]bMedia klubc2000 a63 s.bfareb. fotogr.c20 cm1 aFarebné balkóny aRozlož. fotogr. na tit. strane aÚdaj o prekl. prevzatý z tiráže aSlov.-lat. ekvivalenty. Reg.07abalkónové rastliny2SNKPH 7apríručky2SNKPH1 aGemke, Marlene4ill1 aJakubičková, Mária4trl1 aKatriaková, Jana4trl aBalkonblumen- Farbenpracht 0aFarebné balkóny 2ddccOLDOn0 c22955d22955 001040708DaOKTUSbOKTUSd2026-05-13l0p4738001248r2026-05-13 07:48:59w2026-05-13yOLDO